00587nam a2200145 a 4500008004100000050001800041245007000059250001100129260002800140300002100168350000900189995009200198999001700290952013400307120416s1979 ||||||||||||||||| || u aHF 5549.5 Ind00aPersonnel systems and recordsccompiled by The Industrial Society a3rd.ed aPortsmouthbGowerc1979 axvi, 221p. : ill a0.00 D0.00FCBU-MAIN LIBRARY (Kitwe)H1I0.00UAVAILABLEZMain Library Open Access Collection c53416d53416 00102lcc4070a001b001cMain Library Open Access Collectiond2022-11-30l0oHF 5549.5 Indp018736r2022-11-30w2022-11-30y002